000 00326nam a22001337a 4500
005 20180425121126.0
008 160520b xxu||||| |||| 00| 0 eng d
041 _aeng
082 _b3448
_a510.2462
100 _aGrewal B.S.
_9834
245 _aHigher Engineering Mathematics
650 _aDIPLOMA ENGINEERING
_9817
942 _cBK
999 _c1180
_d1180